000 00338nam a2200133Ia 4500
008 230511s1999 xx 000 0 und d
041 _aeng
082 _a340.14
100 _aBhatnagar R P and Bhargava R
245 _aLaw and Language
260 _aNew Delhi
_bMacmillan India ltd
_c1999
300 _a219
906 _aLegalĀ Language
999 _c346014
_d346014